Âm nhạc dân gian xứ Nghệ

שמור ב:
מידע ביבליוגרפי
מחבר ראשי: Lê, Hàm
מחברים אחרים: Hoàng, Thọ, Thanh, Lưu
פורמט: ספר
שפה:Vietnamese
יצא לאור: Hà Nội Thời Đại 2012
נושאים:
תגים: הוספת תג
אין תגיות, היה/י הראשונ/ה לתייג את הרשומה!
Thư viện lưu trữ: Trung tâm Học liệu Lê Vũ Hùng, Trường Đại học Đồng Tháp
LEADER 00819aam a22002538a 4500
001 00030080
005 20171026081022.0
008 121212s2012 ||||||viesd
020 # # |a 9786049282225 
041 0 # |a vie 
082 |a 781.62  |b A120NH 
100 1 # |a Lê, Hàm 
245 1 0 |a Âm nhạc dân gian xứ Nghệ  |c Lê Hàm, Hoàng Thọ, Thanh Lưu 
260 # # |a Hà Nội  |b Thời Đại  |c 2012 
300 # # |a 523 tr.  |c 21 cm. 
500 # # |a ĐTTS ghi: Hội Văn nghệ dân gian Việt Nam 
653 # # |a Xứ Nghệ 
653 # # |a Âm nhạc dân gian 
700 1 # |a Hoàng, Thọ 
700 1 # |a Thanh, Lưu 
852 # # |b Kho đọc  |j KD.0014245 
852 # # |j KD.0014245 
910 |d 12/12/2012 
980 # # |a Trung tâm Học liệu Lê Vũ Hùng, Trường Đại học Đồng Tháp